Multifunkčná telocvičňa

Enregistré dans:
Détails bibliographiques
Auteur principal: Udvardiová, Agáta (Auteur)
Autres auteurs: Kalesný, František (Directeur de thèse)
Format: Manuscrit Livre
Langue:slovaque
Publié: Bratislava 2019
Sujets:
Accès en ligne:http://is.stuba.sk/zp/portal_zp.pl?podrobnosti=129793
Tags: Ajouter un tag
Pas de tags, Soyez le premier à ajouter un tag!

MARC

LEADER 00000ntm a22000003a 4500
001 stuzp73881
003 SK-STU
005 20200916110322.8
007 ta
008 150427s2015----xo-----f-mn---000-0-slo-d
040 |a STU  |b slo 
041 0 |a slo 
100 1 |a Udvardiová, Agáta  |u 054140  |4 aut  |U FAD Fakulta architektúry  |T FA Ústav konštrukcií v architektúre a inžinierskych stavieb  |X 82891  |U A4140  |Y 395  |7 82891 
242 0 1 |a Multifunction Gym  |y eng 
245 1 0 |a Multifunkčná telocvičňa 
260 |c 2019  |a Bratislava 
650 4 |a športová hala  |2 slo 
650 4 |a multifunkčná telocvičňa  |2 slo 
650 4 |a Mladá Garda  |2 slo 
650 4 |a strecha  |2 slo 
650 4 |a sports hall  |2 eng 
650 4 |a saw-tooth roof  |2 eng 
650 4 |a Multipurpose hall  |2 eng 
700 1 |a Kalesný, František  |u 054140  |k Z1  |4 ths  |U FAD Fakulta architektúry  |T FA Ústav konštrukcií v architektúre a inžinierskych stavieb  |X 400  |U A4140  |Y 395  |7 A000000400 
856 4 |u http://is.stuba.sk/zp/portal_zp.pl?podrobnosti=129793  |u https://opac.crzp.sk/?fn=detailBiblioForm&sid=819BE1355532A4D3171F62AB1E91